[Event "Challenge"]
[Site "http://www.queenalice.com/game.php?id=240537"]
[Date "2007.7.16"]
[Round "-"]
[White "ray"]
[Black "bmeisje"]
[Result "1-0"]
[WhiteElo "1696"]
[BlackElo "1150"]

1. c4 Nc6 2. g3 g5 3. Nc3 e5 4. Bg2 Bc5 5. e3 Nf6 6. Nge2 Ng4 7. O-O Qf6 8. f3
Nxh2 9. Kxh2 Qh6+ 10. Kg1 Rg8 11. d4 exd4 12. exd4 Bxd4+ 13. Nxd4 Nxd4 14. Qxd4
d6 15. Re1+ Kd7 16. Ne4 Ke8 17. Nxd6+ Kf8 18. Re8# 1-0

[Event "Challenge"]
[Site "http://www.queenalice.com/game.php?id=240538"]
[Date "2007.7.16"]
[Round "-"]
[White "ray"]
[Black "bmeisje"]
[Result "1-0"]
[WhiteElo "1687"]
[BlackElo "1151"]

1. c4 c5 2. g3 g5 3. Bg2 e5 4. e3 Nf6 5. Ne2 Qa5 6. Nbc3 Bh6 7. O-O g4 8. Nd5
Nxd5 9. Bxd5 d6 10. f4 exf4 11. exf4 Bg7 12. d4 Bxd4+ 13. Nxd4 cxd4 14. Qxd4 O-O
15. f5 Bxf5 16. Bh6 Re8 17. Qg7# 1-0

[Event "Challenge"]
[Site "http://www.queenalice.com/game.php?id=240539"]
[Date "2007.7.16"]
[Round "-"]
[White "ray"]
[Black "bmeisje"]
[Result "1-0"]
[WhiteElo "1679"]
[BlackElo "1143"]

1. c4 c5 2. g3 b6 3. Bg2 d5 4. cxd5 Qd6 5. e4 g5 6. Nc3 Bg7 7. Nf3 Bg4 8. O-O
Bxf3 9. Bxf3 Bxc3 10. dxc3 Qg6 11. Bh5 Qxe4 12. Re1 Qf5 13. Qa4+ Kf8 14. d6 exd6
15. Qe8+ Kg7 16. Bxg5 Qxg5 17. Qxf7+ Kh6 18. Re6+ 1-0

[Event "Challenge"]
[Site "http://www.queenalice.com/game.php?id=240540"]
[Date "2007.7.16"]
[Round "-"]
[White "bmeisje"]
[Black "ray"]
[Result "0-1"]
[WhiteElo "1148"]
[BlackElo "1694"]

1. f4 c5 2. Nf3 Nc6 3. Nc3 g6 4. d3 Bg7 5. Be3 d6 6. a4 Nb4 7. Nh4 Nf6 8. g4
Nxg4 9. Nb5 O-O 10. Bh3 Nxe3 11. Qd2 Nbxc2+ 12. Kf2 Bxh3 13. Rac1 Bd4 14. Rhg1
Nc4+ 15. Kg3 Nxd2 16. Rxc2 Qd7 17. e3 Qg4+ 18. Kf2 Bxe3+ 19. Kxe3 Qxg1+ 20. Kxd2
e5 0-1

[Event "Challenge"]
[Site "http://www.queenalice.com/game.php?id=240541"]
[Date "2007.7.16"]
[Round "-"]
[White "bmeisje"]
[Black "ray"]
[Result "0-1"]
[WhiteElo "1147"]
[BlackElo "1691"]

1. d4 c5 2. dxc5 Nc6 3. Bg5 Nf6 4. Bxf6 exf6 5. e4 Bxc5 6. Bb5 Qc7 7. Nc3 a6 8.
Bxc6 Qxc6 9. Nf3 Qb6 10. Rb1 O-O 11. Nd5 Qb5 12. Nc7 Qa5+ 13. Kf1 Qxc7 14. c4 d6
15. Qd5 Be6 16. Qd1 Bxc4+ 17. Kg1 Qb6 18. Nh4 Bxf2# 0-1

[Event "Challenge"]
[Site "http://www.queenalice.com/game.php?id=240542"]
[Date "2007.7.16"]
[Round "-"]
[White "ray"]
[Black "bmeisje"]
[Result "1-0"]
[WhiteElo "1689"]
[BlackElo "1149"]

1. c4 c5 2. g3 g5 3. Bg2 Nf6 4. Nf3 Bg7 5. Nc3 b6 6. Nxg5 Ba6 7. d3 Ng4 8. O-O
Bxc3 9. bxc3 Qc7 10. e4 Rg8 11. Qxg4 Qe5 12. Qf5 Qxc3 13. Qxf7+ Kd8 14. Qxg8+
Kc7 15. Bf4+ Kc6 16. e5+ Kc7 17. e6+ 1-0

[Event "Challenge"]
[Site "http://www.queenalice.com/game.php?id=240543"]
[Date "2007.7.16"]
[Round "-"]
[White "ray"]
[Black "bmeisje"]
[Result "1-0"]
[WhiteElo "1716"]
[BlackElo "1146"]

1. c4 c5 2. g3 b6 3. Bg2 Nc6 4. e3 e5 5. Qc2 Nb4 6. Qd1 Nd3+ 7. Ke2 e4 8. Bxe4
Ne5 9. Nf3 Nxf3 10. Bxf3 Nf6 11. Re1 Rb8 12. Kf1 Bd6 13. d4 cxd4 14. Qxd4 Ba6
15. Qxd6 Bxc4+ 16. Kg2 Rc8 17. Nc3 g5 18. e4 Rc6 19. Qe5+ Kf8 20. Bxg5 Ng8 21.
Bxd8 Nh6 22. Qxh8+ 1-0

[Event "Challenge"]
[Site "http://www.queenalice.com/game.php?id=240546"]
[Date "2007.7.16"]
[Round "-"]
[White "ray"]
[Black "bmeisje"]
[Result "1-0"]
[WhiteElo "1665"]
[BlackElo "1144"]

1. c4 g5 2. g3 Bg7 3. Bg2 e6 4. Nc3 c5 5. e3 Bxc3 6. dxc3 Nf6 7. Ne2 Nc6 8. O-O
Ng4 9. h3 Qf6 10. hxg4 Ne5 11. f4 gxf4 12. Rxf4 Qh6 13. e4 Nxc4 14. Rxf7 Kxf7
15. Qf1+ Ke8 16. Bxh6 Ne3 17. Qf6 Rg8 18. Nf4 e5 19. Nh5 Rg6 20. Qf8# 1-0

[Event "Challenge"]
[Site "http://www.queenalice.com/game.php?id=240547"]
[Date "2007.7.16"]
[Round "-"]
[White "ray"]
[Black "bmeisje"]
[Result "1-0"]
[WhiteElo "1756"]
[BlackElo "1139"]

1. c4 c5 2. g3 Nc6 3. Bg2 d5 4. cxd5 Na5 5. Qa4+ Bd7 6. Qe4 f6 7. b3 g5 8. d6 f5
9. Qe5 Qb6 10. Qxh8 Bb5 11. Qxg8 Kd7 12. dxe7 Kxe7 13. Qxh7+ Ke8 14. Qh5+ Kd8
15. Qxg5+ Ke8 16. Qxf5 1-0

[Event "AUTO-OPEN-764"]
[Site "http://www.queenalice.com/game.php?id=247884"]
[Date "2007.7.29"]
[Round "1"]
[White "bmeisje"]
[Black "IkeBroflovski"]
[Result "0-1"]
[WhiteElo "1143"]
[BlackElo "1650"]

1. g4 e5 2. Bg2 Nc6 3. Bxc6 dxc6 4. Nf3 Bd6 5. Nc3 Bxg4 6. d4 exd4 7. Nxd4 Nf6
8. Bg5 h6 9. Bxf6 Qxf6 10. Qd3 Be5 11. Qe4 Be6 12. Nxe6 Qxe6 13. Na4 Bc3+ 14.
Kf1 Qxe4 15. Nxc3 Qxh1# 0-1

[Event "AUTO-OPEN-764"]
[Site "http://www.queenalice.com/game.php?id=247885"]
[Date "2007.7.29"]
[Round "1"]
[White "IkeBroflovski"]
[Black "bmeisje"]
[Result "0-1"]
[WhiteElo "1026"]
[BlackElo "1137"]

1. e4 e5 2. Nf3 Bc5 3. Bc4 Qf6 4. O-O d6 5. d3 Bg4 6. Nc3 Bxf3 7. Qxf3 Qxf3 8.
gxf3 Nf6 9. Be3 Bxe3 10. fxe3 Nc6 11. h3 O-O 12. Nd5 Nxd5 13. exd5 Nb4 14. Rac1
Nxa2 15. Bxa2 c5 16. e4 b5 17. c4 bxc4 18. Bxc4 Rae8 0-1

[Event "AUTO-OPEN-764"]
[Site "http://www.queenalice.com/game.php?id=247886"]
[Date "2007.7.29"]
[Round "1"]
[White "bmeisje"]
[Black "davividal"]
[Result "0-1"]
[WhiteElo "1127"]
[BlackElo "1825"]

1. e4 d5 2. exd5 Qxd5 3. Nc3 Qa5 4. Nf3 Nf6 5. b4 Qxb4 6. Rb1 Qd6 7. Bb5+ c6 8.
Ba4 Bg4 9. Ne4 Nxe4 10. Bb2 Nd7 11. O-O Bxf3 12. Qxf3 Nxd2 13. Rfd1 Nxf3+ 0-1

[Event "AUTO-OPEN-764"]
[Site "http://www.queenalice.com/game.php?id=247888"]
[Date "2007.7.29"]
[Round "1"]
[White "bmeisje"]
[Black "valefale19"]
[Result "0-1"]
[WhiteElo "1143"]
[BlackElo "1621"]

1. e4 e5 2. Nf3 Nc6 3. Nc3 d6 4. Nd5 Be6 5. Ne3 Qf6 6. Ng4 Bxg4 7. Bb5 Ne7 8.
Bxc6+ Nxc6 9. d3 Nd4 10. Nxd4 Bxd1 11. Kxd1 exd4 12. Bd2 Qxf2 13. Be1 Qxg2 0-1

[Event "AUTO-OPEN-764"]
[Site "http://www.queenalice.com/game.php?id=247889"]
[Date "2007.7.29"]
[Round "1"]
[White "valefale19"]
[Black "bmeisje"]
[Result "1-0"]
[WhiteElo "1619"]
[BlackElo "1127"]

1. e4 b5 2. d4 Bb7 3. d5 d6 4. Bxb5+ c6 5. dxc6 Nxc6 6. Nf3 e5 7. Nxe5 Qe7 8.
Nxc6 Bxc6 9. Bxc6+ Kd8 10. Bxa8 Qxe4+ 11. Bxe4 1-0

[Event "Skull"]
[Site "http://www.queenalice.com/game.php?id=253948"]
[Date "2007.8.10"]
[Round "-"]
[White "fbdaniel"]
[Black "bmeisje"]
[Result "1-0"]
[WhiteElo "1334"]
[BlackElo "1145"]

1. Nh3 e5 2. e4 Bb4 3. c3 Bd6 4. d3 Nc6 5. Qf3 Nf6 6. g4 O-O 7. Rg1 Bc5 8. g5
Ne8 9. g6 fxg6 10. Qg3 Bxf2+ 11. Nxf2 d6 12. h4 b5 13. Bg5 Qd7 14. c4 Nd4 15.
Na3 Qf7 16. cxb5 Nf3+ 17. Kd1 Nxg1 18. Qxg1 Qf3+ 19. Be2 Qf7 20. Rc1 Qxa2 21. d4
exd4 22. Rb1 Bf5 23. Bc4+ Kh8 24. Bxa2 Bxe4 25. Nxe4 h6 26. Bd2 d5 27. Qxd4 Rf1+
28. Kc2 Rxb1 29. Kxb1 Rb8 30. Qxd5 Nf6 31. Nxf6 gxf6 32. h5 gxh5 33. Qxh5 Kg7
34. Bf7 Kf8 35. Bb4+ Kg7 36. Qg6+ Kh8 37. Qxh6# 1-0

[Event "AUTO-OPEN-803"]
[Site "http://www.queenalice.com/game.php?id=261270"]
[Date "2007.8.25"]
[Round "1"]
[White "bmeisje"]
[Black "dwright"]
[Result "0-1"]
[WhiteElo "1141"]
[BlackElo "1813"]

1. g4 c5 2. Bg2 Nf6 3. b3 Nxg4 4. Bb2 Qb6 5. Be5 Nxe5 6. Nc3 Ng4 7. e4 d6 8. Nd5
Qa5 9. Bh3 h5 10. Qf3 Nc6 11. Qf4 e5 12. Qg5 Nd4 13. b4 Nxc2+ 14. Kd1 Qa4 15.
Nc7+ Kd7 16. Nxa8 Nxa1+ 17. Ke2 Kc6 18. Qd8 Qb5+ 19. Kd1 Qa4+ 20. Ke1 Nc2+ 21.
Kf1 Qxb4 22. Qxc8+ Kb5 23. Qe8+ Ka5 24. Qb8 Qb5+ 25. Kg2 Ne1+ 26. Kg3 h4+ 27.
Kxg4 Qd7+ 28. Kg5 f6+ 29. Kg6 Rh6# 0-1

[Event "AUTO-OPEN-803"]
[Site "http://www.queenalice.com/game.php?id=261271"]
[Date "2007.8.25"]
[Round "1"]
[White "dwright"]
[Black "bmeisje"]
[Result "1-0"]
[WhiteElo "1811"]
[BlackElo "1143"]

1. Nf3 b5 2. e4 Bb7 3. Bxb5 Bxe4 4. Nc3 Bxf3 5. Qxf3 e5 6. O-O Bb4 7. Bc4 Ke7 8.
Qxf7+ Kd6 9. Nb5+ Kc6 10. Qd5+ Kb6 11. a4 c6 12. a5+ Kb7 13. Nd6+ Kc7 14. Nb5+
cxb5 15. Qxb5 Qc8 16. Qxb4 Nc6 17. Qc5 Nf6 18. Re1 Kd8 19. d3 Re8 20. Bg5 Qb7
21. Bd5 h6 22. Bh4 d6 23. Qxd6+ Kc8 24. Bxc6 Qxb2 25. Rab1 Qxc2 26. Bb7# 1-0

[Event "AUTO-OPEN-803"]
[Site "http://www.queenalice.com/game.php?id=261274"]
[Date "2007.8.25"]
[Round "1"]
[White "bmeisje"]
[Black "gipmachado"]
[Result "0-1"]
[WhiteElo "1143"]
[BlackElo "2183"]

1. b4 e5 2. e4 Bxb4 3. Bb2 Nc6 4. Bb5 Qe7 5. Bc3 Bc5 6. Nf3 d6 7. Bxc6+ bxc6 8.
O-O Nf6 9. Qe2 O-O 10. Ba5 Bg4 11. Nc3 Rfe8 12. Qc4 Bxf3 13. gxf3 Rab8 14. Kh1
Qd7 15. d3 Qh3 16. Rg1 Qxf3+ 17. Rg2 Nh5 18. Rg1 Nf4 19. Bxc7 Bxf2 20. h3 Bxg1
0-1

[Event "ray-2"]
[Site "http://www.queenalice.com/game.php?id=281219"]
[Date "2007.10.4"]
[Round "2"]
[White "SGrillo"]
[Black "bmeisje"]
[Result "1-0"]
[WhiteElo "1685"]
[BlackElo "1142"]

1. e4 e5 2. Nf3 b5 3. Bxb5 Bb7 4. d3 Bb4+ 5. Bd2 Bxd2+ 6. Qxd2 Nf6 7. h3 a6 8.
Bc4 Nc6 9. Qg5 O-O 10. Nxe5 Nxe5 11. Qxe5 Qe8 12. Qxe8 Raxe8 13. O-O Nh5 14. g3
Re5 15. Nc3 Bc6 16. Bd5 Bxd5 17. Nxd5 Rfe8 18. Nxc7 R8e7 19. Nxa6 Rg5 20. a4
Nxg3 21. fxg3 Rxg3+ 22. Kh2 Rg5 23. b4 Re6 24. Nc5 Reg6 25. Rf2 Rh5 26. Nxd7
Rgh6 27. Rf3 g5 28. Nf6+ Rxf6 29. Rxf6 g4 30. Rh1 gxh3 31. Rg1+ Kf8 32. Rg3 Ke7
33. Rc6 f6 34. Rxh3 Rxh3+ 35. Kxh3 Kd7 36. Rc5 h5 37. a5 Ke7 38. a6 Ke6 39. a7
Kf7 40. a8=Q Kg6 41. Qg8+ Kh6 42. Qh8+ Kg6 43. Qxh5+ Kg7 44. Rc7+ Kf8 45. Qf7#
1-0